[Event "Czech Open A"]
[Site "Pardubice CZE"]
[Date "2009.07.25"]
[Round "2"]
[White "Rasik,V"]
[Black "Jirasek,P"]
[Result "1/2-1/2"]
[WhiteElo "2455"]
[BlackElo "2265"]

1.e4 c5 2.Nf3 Nc6 3.Nc3 Nf6 4.e5 Ng4 5.Qe2 Qc7 6.Nb5 Qb8 7.d4 cxd4 8.Bf4 f6
9.Bg3 Ngxe5 10.O-O-O d6 11.Nfxd4 a6 12.Nc3 Qc7 13.h3 e6 14.f4 Nxd4 15.Rxd4 Nc6
16.Rd1 Be7 17.Qh5+ g6 18.Qh6 Bf8 19.Qh4 f5 20.Bf2 d5 21.Bd3 Bg7 22.Ne2 Qe7
23.Qxe7+ Kxe7 24.c4 Kf7 25.a3 Bd7 26.Rhe1 Rhc8 27.Kb1 Ne7 28.cxd5 Nxd5 29.g3 Ba4
30.Rd2 Bb5 31.Bxb5 axb5 32.Bd4 Bf8 33.Nc3 b4 34.Nxd5 exd5 35.Be5 bxa3 36.Rxd5 axb2
37.Bxb2 Rd8 38.Rb5 Rd7 39.Re3 Re8 40.Reb3 Ree7 41.g4 fxg4 42.hxg4 Bg7 43.Ba3 Re1+
44.Kc2 Re2+ 45.Kc1 Re1+  1/2-1/2

[Event "Continental ch-Americas"]
[Site "Sao Paulo BRA"]
[Date "2009.07.25"]
[Round "1"]
[White "Daneri,M"]
[Black "Felgaer,R"]
[Result "0-1"]
[WhiteElo "2149"]
[BlackElo "2561"]

1.e4 c5 2.Nc3 Nc6 3.Bb5 Nd4 4.Bc4 e6 5.Nf3 a6 6.a4 Ne7 7.Nxd4 cxd4 8.Ne2 d5
9.exd5 Nxd5 10.O-O Bc5 11.d3 O-O 12.Nf4 Ne7 13.Bd2 Qd6 14.Qf3 Bd7 15.Rfe1 Kh8
16.Nh5 Bc6 17.Qg4 Ng6 18.Bf4 Qd8 19.Bg5 f6 20.Bh4 Bd5 21.Bxd5 Qxd5 22.f4 Rae8
23.Re2 f5 24.Qg3 Bd6 25.Rae1 e5 26.fxe5 Rxe5 27.Rxe5 Bxe5 28.Qf2 Qd6 29.Bg3 f4
30.Bh4 Nxh4 31.Qxh4 g6 32.Qg5 Rf5  0-1

[Event "Continental ch-Americas"]
[Site "Sao Paulo BRA"]
[Date "2009.07.25"]
[Round "1"]
[White "Arias,Le"]
[Black "Assis,R"]
[Result "0-1"]
[WhiteElo "2378"]
[BlackElo "1781"]

1.e4 c5 2.Nf3 Nc6 3.Nc3 Nf6 4.Bc4 e6 5.O-O d6 6.d4 cxd4 7.Nxd4 a6 8.Nxc6 bxc6
9.Be3 d5 10.exd5 cxd5 11.Bb3 Bd6 12.Ne2 Qc7 13.h3 O-O 14.c3 a5 15.Nd4 Ba6
16.Re1 Rab8 17.Rb1 Bc4 18.Bg5 Ne4 19.Rxe4 Bxb3 20.axb3 dxe4 21.Qg4 f5 22.Qe2 h6
23.Bd2 Qd7 24.c4 Bb4 25.Bc3 Rfd8 26.Ra1 Bxc3 27.bxc3 e5 28.Nb5 Qd3 29.Kf1 Ra8
30.Ke1 g6 31.Qe3 Qxe3+ 32.fxe3 Rd3 33.Ke2 f4 34.exf4 exf4 35.b4 Rad8 36.bxa5 Rd2+
37.Ke1 Rxg2 38.Kf1 Rdd2 39.a6 Rdf2+  0-1

[Event "Continental ch-Americas"]
[Site "Sao Paulo BRA"]
[Date "2009.07.25"]
[Round "1"]
[White "Rodi,L"]
[Black "Casares,L"]
[Result "1-0"]
[WhiteElo "2357"]
[BlackElo "2035"]

1.e4 c5 2.Nc3 Nc6 3.Bb5 d6 4.Bxc6+ bxc6 5.d3 g6 6.Nge2 Bg7 7.b3 Nf6 8.Bb2 O-O
9.h3 d5 10.f3 a5 11.Na4 Nd7 12.Bxg7 Kxg7 13.Qd2 e5 14.Nec3 Bb7 15.Qf2 Qe7
16.g4 Rfd8 17.h4 h6 18.h5 g5 19.Ne2 c4 20.Ng3 Kh7 21.dxc4 dxc4 22.O-O Ba6
23.Rfd1 Bb5 24.Nf5 Qf8 25.Rd6 f6 26.Rad1 c5 27.Nc3  1-0

[Event "Najdorf Mem Open"]
[Site "Warsaw POL"]
[Date "2009.07.25"]
[Round "8"]
[White "Zakoscielna,K"]
[Black "Jacek,K"]
[Result "1/2-1/2"]
[WhiteElo "2089"]
[BlackElo "2047"]

1.e4 c5 2.Nc3 Nc6 3.Nf3 Nd4 4.Bc4 e6 5.O-O Qc7 6.d3 Nxf3+ 7.Qxf3 a6 8.a4 Bd6
9.h3 Ne7 10.Qg4 Be5 11.Bg5 d5 12.Ba2 dxe4 13.dxe4 O-O 14.Rad1 Kh8 15.Be3 Qa5
16.Rd3 Nc6 17.f4 Bd4 18.Bc4 f5 19.exf5 exf5 20.Qg5 Bf6 21.Qh5 Bd4 22.Bxd4 cxd4
23.Ne2 Qc5 24.Bf7 Nb4 25.Nc1 Bd7 26.Kh2 Be8 27.Bxe8 Raxe8 28.Rg3 Qxc2 29.Nb3 Qxb2
30.Nc5 Qe2 31.Rff3 Qe7 32.Nb3 Qd6 33.Qg5 Qf6 34.Qxf6 Rxf6 35.Nxd4 Re4 36.Rc3 Nc6
37.Nxc6 Rxc6 38.Rcd3  1/2-1/2

[Event "Czech Open A"]
[Site "Pardubice CZE"]
[Date "2009.07.26"]
[Round "3"]
[White "Gjuran,D"]
[Black "Volodin,V"]
[Result "1-0"]
[WhiteElo "2360"]
[BlackElo "2216"]

1.e4 c5 2.Nf3 Nc6 3.Nc3 e5 4.Bc4 Be7 5.d3 d6 6.O-O Nf6 7.Ng5 O-O 8.f4 h6
9.Nf3 exf4 10.Bxf4 Be6 11.Nd5 Na5 12.Nxe7+ Qxe7 13.Bxe6 Qxe6 14.Qe1 Nc6 15.Qh4 Rad8
16.Bxh6 gxh6 17.Ng5 hxg5 18.Qxg5+ Kh7 19.Rxf6 Qxf6 20.Qxf6 Ne5 21.Rf1  1-0

[Event "Continental ch-Americas"]
[Site "Sao Paulo BRA"]
[Date "2009.07.26"]
[Round "2"]
[White "Schutt,Ri"]
[Black "Alvarez Marquez,J"]
[Result "0-1"]
[WhiteElo "2123"]
[BlackElo "2431"]

1.e4 c5 2.Nf3 Nc6 3.Nc3 g6 4.Bb5 Bg7 5.O-O Nf6 6.Bxc6 dxc6 7.d3 Bg4 8.h3 Bxf3
9.Qxf3 Nd7 10.Qe2 e5 11.Be3 O-O 12.Qd2 Re8 13.Ne2 Qe7 14.Bg5 Qf8 15.Rae1 a5
16.a4 b6 17.b3 Ra7 18.Be3 Qd6 19.Bh6 Nf8 20.Bxg7 Kxg7 21.f4 exf4 22.Rxf4 Qe5
23.Ref1 Kg8 24.Rf6 Re6 25.Qf4 Qxf4 26.R6xf4 Kg7 27.g4 h6 28.Kg2 Rae7 29.h4 Nd7
30.Kg3 Re5 31.Ng1 R5e6 32.Nf3 Nf8 33.Nd2 b5 34.Ra1 Ra7 35.Rf2 Nd7 36.Nf3 Re7
37.g5 h5 38.Kf4 Ra6 39.Rd2 Nf8 40.d4 Ne6+ 41.Ke3 cxd4+ 42.Nxd4 Nc5 43.axb5 cxb5
44.Kf3 b4 45.Re1 f6 46.Rde2 fxg5 47.hxg5 Rd6 48.Nb5 Rde6 49.e5 Rf7+ 50.Kg3 Rf5
51.Nd4 Rxg5+ 52.Kh3 Re8 53.e6 Rd5 54.Nc6 Rd6 55.Nxa5 Rexe6 56.Nc4 Rxe2 57.Rxe2 Re6
58.Rd2 Re4 59.Rd5 Ne6 60.Rb5 Re2 61.Rxb4 Rxc2 62.Rb7+ Kf6 63.Nd6 g5 64.b4 g4+
65.Kh4 Rh2+ 66.Kg3 Rh3+ 67.Kg2 Nf4+ 68.Kg1 Rd3 69.Ne4+ Kf5 70.Nf2 Rb3  0-1

[Event "Continental ch-Americas"]
[Site "Sao Paulo BRA"]
[Date "2009.07.26"]
[Round "2"]
[White "Friedel,J"]
[Black "Gattass,A"]
[Result "1-0"]
[WhiteElo "2547"]
[BlackElo "2249"]

1.e4 c5 2.Nf3 Nc6 3.Nc3 d6 4.d4 cxd4 5.Nxd4 Nf6 6.Bg5 e6 7.Qd2 Be7 8.O-O-O O-O
9.f4 Nxd4 10.Qxd4 Qa5 11.h4 h6 12.Kb1 Rd8 13.Be2 Kf8 14.Qe3 Bd7 15.e5 dxe5
16.fxe5 Ng8 17.Rdf1 Be8 18.Bf4 Rac8 19.Ne4 Rxc2 20.Kxc2 Qxa2 21.Nc3 Rc8 22.Qc1 Rxc3+
23.Kxc3 Bd8 24.Bc4 Qa5+ 25.b4 Qc7 26.Kb2 Be7 27.Qc3 a5 28.bxa5 b5 29.Bxe6  1-0

[Event "XXXV d'Esca Open"]
[Site "Sitges ESP"]
[Date "2009.07.26"]
[Round "5"]
[White "Lacasa Diaz,J"]
[Black "Oms Pallisse,J"]
[Result "1/2-1/2"]
[WhiteElo "2392"]
[BlackElo "2495"]

1.e4 c5 2.Nf3 Nc6 3.Nc3 d6 4.d4 cxd4 5.Nxd4 Nf6 6.f3 Nxd4 7.Qxd4 g6 8.Bg5 Bg7
9.Bb5+ Bd7 10.Bxd7+ Qxd7 11.O-O-O O-O 12.e5 Qf5 13.Bxf6 dxe5 14.Qxe5 Qxe5
15.Bxe5 Bxe5 16.Rd7 Bxc3 17.bxc3 b6 18.Rxe7 Rfc8 19.Kb2 Rc6 20.Rd1 a5 21.Red7 Kg7
22.R7d6 Rac8 23.R1d3 h5 24.h4 Rc4 25.g3 b5 26.R6d4 R4c6 27.a3 Rc5 28.Rd5 Kf6
29.Rxc5 Rxc5 30.Kb3 Ke5 31.Rd4 Rc7 32.Re4+ Kd5 33.Rf4 Rb7 34.c4+ bxc4+ 35.Kc3 Rb1
36.Rd4+ Ke6 37.Re4+ Kd6 38.Rd4+ Ke6 39.Kxc4 Rg1 40.g4 hxg4 41.fxg4 f5 42.gxf5+ gxf5
43.Kb5 Rg4 44.c3 f4 45.Kxa5 Rxh4 46.a4 Ke5 47.Kb5 Rh3 48.Kc4 f3 49.Kd3 f2+
50.Ke2 Rxc3 51.Rb4  1/2-1/2

[Event "ch-PUR"]
[Site "Caguas PUR"]
[Date "2009.07.27"]
[Round "11"]
[White "Bermudez Adams,W"]
[Black "Berrios Echevarria,G"]
[Result "1/2-1/2"]
[WhiteElo "2149"]
[BlackElo "2161"]

1.e4 c5 2.Nc3 Nc6 3.Bb5 g6 4.f4 Bg7 5.Nf3 Nd4 6.a4 e6 7.O-O Ne7 8.e5 Nef5
9.Nxd4 Nxd4 10.Ne4 O-O 11.b3 d5 12.Nxc5 Qb6 13.Ba3 f6 14.Kh1 fxe5 15.Nd3 a6
16.fxe5 Rxf1+ 17.Qxf1 Qd8 18.Qf4  1/2-1/2

[Event "14th Open"]
[Site "Creon FRA"]
[Date "2009.07.27"]
[Round "1"]
[White "Marholev,D"]
[Black "Kirk,Ez"]
[Result "1-0"]
[WhiteElo "2364"]
[BlackElo "1882"]

1.e4 c5 2.Nc3 Nc6 3.Bb5 g6 4.Bxc6 bxc6 5.d3 Bg7 6.Nge2 d6 7.O-O Nf6 8.h3 O-O
9.f4 Rb8 10.b3 Ba6 11.Rb1 Qd7 12.Be3 Ne8 13.f5 Nc7 14.Qd2 Nb5 15.Nxb5 cxb5
16.Bh6 Bb7 17.Bxg7 Kxg7 18.Ng3 h6 19.Rf4 g5 20.f6+ Kh7 21.Nf5 Rg8 22.Rh4 Rg6
23.Rxh6+ Rxh6 24.Qxg5 Rg6 25.Qh4+ Kg8 26.Nxe7+ Qxe7 27.fxe7 Kg7 28.Rf1 Re8
29.Rf5 Rh6 30.Rg5+ Rg6 31.Rh5  1-0

[Event "ZMD Open"]
[Site "Dresden GER"]
[Date "2009.07.27"]
[Round "3"]
[White "Ries,Ber"]
[Black "Seres,L"]
[Result "1/2-1/2"]
[WhiteElo "2033"]
[BlackElo "2456"]

1.e4 c5 2.Nc3 Nc6 3.Nf3 g6 4.d4 cxd4 5.Nxd4 Bg7 6.Be3 Nf6 7.Bc4 O-O 8.f3 Qb6
9.Bb3 Nxe4 10.Nd5 Qa5+ 11.c3 Nc5 12.Nxc6 dxc6 13.Nxe7+ Kh8 14.Nxc8 Raxc8
15.O-O Qb5 16.Bxc5 Qxc5+ 17.Kh1 Rcd8 18.Qc2 Qh5 19.Rad1 Rxd1 20.Qxd1 a5 21.a4 Qc5
22.Qc2 b5 23.axb5 cxb5 24.Qf2 Qxf2 25.Rxf2 a4 26.Ba2 Rd8 27.g3  1/2-1/2

[Event "zt 3.3"]
[Site "Ho Chi Minh City VIE"]
[Date "2009.07.27"]
[Round "7"]
[White "Zhang Zhong"]
[Black "Chan Wei Xuan,T"]
[Result "1/2-1/2"]
[WhiteElo "2613"]
[BlackElo "2344"]

1.e4 c5 2.Nf3 Nc6 3.Nc3 d6 4.d4 cxd4 5.Nxd4 Nf6 6.Be2 Nxd4 7.Qxd4 g6 8.Bg5 Bg7
9.O-O-O O-O 10.e5 Qa5 11.f4 dxe5 12.Qxe5 Qxe5 13.fxe5 Ng4 14.Bxg4 Bxg4 15.Rd4 f6
16.exf6 exf6 17.Bxf6 Bxf6 18.Rxg4 Bxc3 19.bxc3 Rae8 20.Kb2 Rf2 21.Rc1 Ree2
22.Ra4 a6 23.Rb4 Rf7 24.Rg1 b5 25.a4 Rff2 26.Rc1 bxa4 27.c4 Kf7 28.c5 Ke6
29.c6 Kd6 30.Rc4 Kc7 31.Ra1 Re6 32.Raxa4 Rxc6 33.Rxc6+ Kxc6 34.Rxa6+ Kb5
35.Ra7 h5 36.g3 Rxh2 37.Rg7 h4 38.Rxg6 hxg3 39.Rxg3 Kc4 40.Rg4+ Kc5 41.Kb3 Kc6
42.Rg5 Rh3+ 43.Kb4 Kc7 44.Rg7+ Kc8 45.c4 Kb8 46.Kb5 Kc8 47.c5 Kb8 48.Rd7 Kc8
49.Rd4 Kc7 50.Rg4 Kb7 51.Ra4 Kb8 52.Ra1 Kb7 53.Rd1 Kc7 54.Rd2 Kb7 55.Rd6 Rh7
56.Ra6 Kc8 57.Kb6 Kb8 58.Ra4 Rh6+ 59.c6 Rh7 60.Rd4 Rb7+ 61.Kc5 Rb1 62.Kd6 Kc8  1/2-1/2

[Event "Czech Open A"]
[Site "Pardubice CZE"]
[Date "2009.07.27"]
[Round "4"]
[White "Kanovsky,D"]
[Black "Srebrnic,M"]
[Result "1/2-1/2"]
[WhiteElo "2483"]
[BlackElo "2333"]

1.e4 c5 2.Nf3 Nc6 3.Nc3 e5 4.Bc4 Be7 5.d3 Nf6 6.Nd2 d6 7.Nf1 Bg4 8.f3 Be6
9.Ne3 O-O 10.O-O Ne8 11.Ncd5 Rb8 12.a3 Bg5 13.g3 Bxe3+ 14.Bxe3 b5 15.Ba2 Nc7
16.f4 Bxd5 17.exd5 exf4 18.Bxf4 Ne7 19.Qf3 Ng6 20.b4 Nxf4 21.Qxf4 cxb4 22.axb4 Qd7
23.Bb3 a6 24.c4 bxc4 25.Ba4 Qd8 26.Qxc4 Nb5 27.Bxb5 Qb6+ 28.Kg2 axb5 29.Qc6 Qd4
30.Qxd6 Rbd8 31.Qc5  1/2-1/2

[Event "ch-Euro Senior"]
[Site "Rogaska Slatina SLO"]
[Date "2009.07.27"]
[Round "6"]
[White "Onoprienko,V"]
[Black "Semashev,K"]
[Result "1-0"]
[WhiteElo "2318"]
[BlackElo "2186"]

1.e4 c5 2.Nc3 Nc6 3.Nf3 g6 4.d4 cxd4 5.Nxd4 Bg7 6.Nb3 Nf6 7.Be2 d6 8.O-O O-O
9.Bg5 Bd7 10.Kh1 Rc8 11.f4 a6 12.Bf3 Ne8 13.Qd2 f6 14.Bh4 e6 15.e5 g5 16.fxg5 fxe5
17.Be4 Nd4 18.Bxh7+ Kh8 19.Rxf8+ Bxf8 20.Nxd4 exd4 21.Qxd4+ Bg7 22.Qd1  1-0

[Event "ZMD Open"]
[Site "Dresden GER"]
[Date "2009.07.28"]
[Round "4"]
[White "Nuber,K"]
[Black "Farago,I"]
[Result "0-1"]
[WhiteElo "2168"]
[BlackElo "2511"]

1.e4 c5 2.Nc3 Nc6 3.Bb5 Nd4 4.Bc4 e6 5.Nf3 Nf6 6.O-O a6 7.d3 b5 8.Bb3 Nxb3
9.axb3 Bb7 10.Bg5 h6 11.Bh4 d6 12.Qe2 Be7 13.h3 O-O 14.Bg3 Nd7 15.Rae1 Nb8
16.e5 dxe5 17.Nxe5 Nd7 18.f4 Nf6 19.Kh2 Nd5 20.f5 exf5 21.Rxf5 Nxc3 22.bxc3 Bf6
23.Ref1 Bxe5 24.Bxe5 f6 25.Bg3 Rc8 26.Re1 Re8 27.Qxe8+ Qxe8 28.Rxe8+ Rxe8
29.Kg1 c4 30.dxc4 bxc4 31.Bf2 Be4 32.Ra5 Bxc2 33.bxc4 Re6 34.c5 Bd3 35.Ra2 Re2
36.Ra4 Rc2 37.Bd4 Bb5 38.Ra1 Kf7 39.g4 Ke6 40.h4 Kd5 41.Kh1 Kc4 42.Kg1 Kd5
43.Kh1 Be2 44.g5 fxg5 45.hxg5 hxg5 46.Bxg7 Bf3+ 47.Kg1 g4 48.Bh6 g3 49.c4+ Ke4
50.Re1+ Kf5 51.Re8 Rxc4 52.Rg8 Rg4 53.Rxg4 Kxg4 54.Kf1 g2+ 55.Kf2 Kf5 56.Be3 Ke4
57.Bd2 Kd3 58.Ba5 Bc6 59.Be1 Kc4 60.Bd2 Kxc5  0-1

[Event "ZMD Open"]
[Site "Dresden GER"]
[Date "2009.07.28"]
[Round "4"]
[White "Kloke,S"]
[Black "Breder,D"]
[Result "0-1"]
[WhiteElo "2143"]
[BlackElo "2435"]

1.e4 c5 2.Nf3 Nc6 3.Nc3 g6 4.d4 cxd4 5.Nxd4 Bg7 6.Be3 Nf6 7.Qd2 O-O 8.Bc4 Ng4
9.Nxc6 bxc6 10.Bd4 Bxd4 11.Qxd4 Qb6 12.Qxb6 axb6 13.O-O Ne5 14.Be2 g5 15.f3 d6
16.g3 Kh8 17.Kh1 f5 18.f4 gxf4 19.gxf4 Ng6 20.Bd3 Bd7 21.Ne2 fxe4 22.Bxe4 Ra4
23.Bxg6 hxg6 24.Kg2 c5 25.Kg3 g5 26.h4 Re4 27.Rae1 gxf4+ 28.Nxf4 Rfxf4  0-1

[Event "zt 3.3"]
[Site "Ho Chi Minh City VIE"]
[Date "2009.07.28"]
[Round "8"]
[White "Chan Yi Ren,D"]
[Black "Nguyen Van Toan Thanh"]
[Result "1-0"]
[WhiteElo "2358"]
[BlackElo "1813"]

1.e4 c5 2.Ne2 Nc6 3.Nbc3 Nf6 4.d4 cxd4 5.Nxd4 e5 6.Ndb5 d6 7.Nd5 Nxd5 8.exd5 Nb8
9.a4 Bf5 10.Be3 a6 11.Na3 Be7 12.Nc4 Nd7 13.a5 Rc8 14.Be2 O-O 15.O-O Bg6
16.Rc1 f5 17.Nb6 Nxb6 18.Bxb6 Qd7 19.c4 Bd8 20.Bxd8 Rfxd8 21.b4 Bf7 22.f4 e4
23.Qd4 Qa4 24.Qb2 Rc7 25.Rc3 Rdc8 26.Rg3 g6 27.h4 Qd7 28.h5 Qe7 29.hxg6 Bxg6
30.Qd2 Qf6 31.Rc1 Qd8 32.Qd4 Qh4 33.Qe3 Qe7 34.Rc3 Kf8 35.Qb6 Qf6 36.Kf1 Bf7
37.Ra3 Qh6 38.Rg5 Qf6 39.Kg1 h6 40.Rgg3 Ke7 41.Qe3 Qh4 42.Bf1 Qf6 43.Ra2 Kf8
44.Rd2 Qa1 45.Qb6 Rxc4 46.Qxd6+ Ke8 47.Qe5+ Qxe5 48.fxe5 Rc3 49.Rxc3 Rxc3
50.e6 Bg8 51.Be2 Kd8 52.Rd4 Rc8 53.Bc4 Ke7 54.d6+ Kf6 55.e7 Rb8 56.e8=Q Rxe8
57.d7 Rd8 58.Bxg8 Ke7 59.Bh7 Ke6 60.Kf2 Ke5 61.Rd1 f4 62.Bg6  1-0

[Event "Czech Open A"]
[Site "Pardubice CZE"]
[Date "2009.07.28"]
[Round "5"]
[White "Srebrnic,M"]
[Black "Richter,Mic"]
[Result "1-0"]
[WhiteElo "2333"]
[BlackElo "2427"]

1.e4 c5 2.Nc3 Nc6 3.Bb5 g6 4.Bxc6 dxc6 5.d3 Bg7 6.Be3 b6 7.Qd2 e5 8.Nge2 h6
9.O-O-O Nf6 10.h3 a5 11.g4 a4 12.a3 Nd7 13.f4 exf4 14.Nxf4 Ne5 15.Qf2 Qe7
16.Rhf1 O-O 17.Qg1 Rd8 18.Kb1 Re8 19.Rd2 Kh7 20.Rdf2 Ra7 21.Rg2 Be6 22.Qf2 Rf8
23.Qe2 Kg8 24.Rgf2 Bc8 25.Rg2 Rd8 26.Rd1 b5 27.Qf2 Bf8 28.Rf1 Rb7 29.Rg3 Bd7
30.Qg1 Ra8 31.g5 h5 32.Kc1 b4 33.Nb1 c4 34.d4 c3 35.dxe5 cxb2+ 36.Kxb2 bxa3+
37.Ka1 Qb4 38.Bd4 Rab8 39.Bc3 Qxe4 40.Qd4 Qxc2 41.Nd2 a2 42.Rgg1 Bf5  1-0

[Event "Czech Open A"]
[Site "Pardubice CZE"]
[Date "2009.07.29"]
[Round "6"]
[White "Jurcik,Mart"]
[Black "Jesse,I"]
[Result "1/2-1/2"]
[WhiteElo "2317"]
[BlackElo "2209"]

1.e4 c5 2.Nf3 Nc6 3.Nc3 e5 4.Bc4 Be7 5.d3 Nf6 6.Bg5 d6 7.Bxf6 Bxf6 8.Nd2 O-O
9.Nf1 Bg5 10.Ne3 Bxe3 11.fxe3 Qh4+ 12.g3 Qh3 13.Qf3 Bg4 14.Qf1 Qh6 15.Qf2 Kh8
16.O-O f5 17.exf5 Rxf5 18.Qd2 Raf8 19.Rxf5 Rxf5 20.Rf1 Bf3 21.Rf2 Qh5 22.Bd5 Bxd5
23.Nxd5  1/2-1/2

[Event "Czech Open A"]
[Site "Pardubice CZE"]
[Date "2009.07.29"]
[Round "6"]
[White "Mirumian,V"]
[Black "Daskevics,Va"]
[Result "1/2-1/2"]
[WhiteElo "2506"]
[BlackElo "2341"]

1.e4 c5 2.Nf3 Nc6 3.Nc3 d6 4.Bc4 Nf6 5.d4 cxd4 6.Nxd4 e6 7.O-O Be7 8.Bb3 O-O
9.f4 Nxd4 10.Qxd4 b6 11.Kh1 d5 12.exd5 Ba6 13.Rd1 Bc5 14.Qd2 Ng4 15.Ne4 Nxh2
16.Qe1 Ng4 17.dxe6 Qc8 18.Qg3 h5 19.Rd5 Qxe6 20.Nxc5  1/2-1/2

[Event "ch-Africa"]
[Site "Tripoli LBA"]
[Date "2009.07.29"]
[Round "8"]
[White "Sarwat,W"]
[Black "Belkhodja,S"]
[Result "1-0"]
[WhiteElo "2390"]
[BlackElo "2467"]

1.e4 c5 2.Nf3 Nc6 3.Nc3 e5 4.Bc4 Be7 5.d3 Nf6 6.Ng5 O-O 7.f4 d5 8.exd5 Nd4
9.O-O Bg4 10.Qe1 exf4 11.Bxf4 Bh5 12.Qd2 b5 13.d6 Bxd6 14.Bxd6 Qxd6 15.Nxb5 Nxb5
16.Bxb5 Rab8 17.a4 a6 18.Bc4 Rxb2 19.Qc3 Rb4 20.Rxf6 Qxf6 21.Qxf6 gxf6 22.Ne4 Kg7
23.Nxc5 a5 24.Nb3 Ra8 25.Kf2 Bg4 26.c3 Rb6 27.Bb5 Be6 28.c4 f5 29.Rb1 Kf6
30.d4 Bxc4 31.Bxc4 Rb4 32.Bb5 Rc8 33.Rc1 Rxc1 34.Nxc1 Ke6 35.Ke3 f4+ 36.Kd3 Kd5
37.Ne2 Rb3+ 38.Nc3+ Kd6 39.Bc4 Rb2 40.Ne2 f3 41.gxf3 Rb1 42.Ng3 Ra1 43.Nf5+ Kc7
44.Bb5 Rd1+ 45.Ke4 Re1+ 46.Kf4 Rd1 47.Ke5  1-0

[Event "ZMD Open"]
[Site "Dresden GER"]
[Date "2009.07.30"]
[Round "6"]
[White "Kelbling,P"]
[Black "Ulvnes,R"]
[Result "1/2-1/2"]
[WhiteElo "2080"]
[BlackElo "1997"]

1.e4 c5 2.Nf3 Nc6 3.Nc3 g6 4.d4 cxd4 5.Nxd4 Bg7 6.Be3 Nf6 7.Bc4 d6 8.f3 O-O
9.Bb3 Bd7 10.Qd2 Rc8 11.h4 h5 12.O-O-O Ne5 13.Kb1 Nc4 14.Bxc4 Rxc4 15.Nb3 Qc7
16.Bd4 Bc6 17.g4 hxg4 18.h5 Rxd4 19.Nxd4 Nxh5 20.Nf5 gxf5 21.Rxh5 e6 22.Rdh1 f6
23.Qh2 Kf7 24.exf5 exf5 25.Rh7 Rg8 26.Re1 Qd7 27.fxg4 fxg4 28.Rd1 Qf5 29.Rh5 g3
30.Qh4 Qf3 31.Qh3 g2 32.Qh2 f5 33.Rh7 Rh8 34.Rxh8 Bxh8 35.Qxd6 Bxc3 36.bxc3 Qf1
37.Qc7+ Kf6 38.Qd6+ Kf7 39.Qc7+  1/2-1/2

[Event "Czech Open A"]
[Site "Pardubice CZE"]
[Date "2009.07.30"]
[Round "7"]
[White "Savitskiy,S"]
[Black "Richter,Mic"]
[Result "0-1"]
[WhiteElo "2191"]
[BlackElo "2427"]

1.e4 c5 2.Nf3 Nc6 3.Nc3 e5 4.Bc4 Be7 5.d3 Nf6 6.Ng5 O-O 7.O-O Nd4 8.f4 exf4
9.Bxf4 d5 10.exd5 b5 11.d6 bxc4 12.dxe7 Qxe7 13.Nce4 Nxe4 14.Nxe4 Rd8 15.Qh5 Bf5
16.Bg5 f6 17.Bxf6 gxf6 18.Rxf5 Nxf5 19.Qxf5 cxd3 20.cxd3 Kh8 21.Rf1 Rxd3
22.Nxf6 Rad8 23.Qh5 Rf8 24.Nd5 Rxf1+ 25.Kxf1 Qe4 26.Nc3 Qf4+ 27.Ke1 Qc1+
28.Nd1 Qd2+  0-1

[Event "ZMD Open"]
[Site "Dresden GER"]
[Date "2009.07.31"]
[Round "7"]
[White "Heberla,B"]
[Black "Peschlow,P"]
[Result "1/2-1/2"]
[WhiteElo "2536"]
[BlackElo "2296"]

1.e4 c5 2.Nc3 Nc6 3.Bb5 Nd4 4.Nf3 a6 5.Bc4 b5 6.Bd5 Rb8 7.Nxd4 cxd4 8.Ne2 Nf6
9.Nxd4 e6 10.Bb3 Nxe4 11.c3 Bb7 12.O-O Qh4 13.Nf3 Qh5 14.d4 Bd6 15.Ne5 Qh4
16.Qg4 Qxg4 17.Nxg4 f5 18.Ne5 Ke7 19.f3 Nf6 20.Bg5 Rhg8 21.Rfe1 Rbe8 22.a4 h6
23.Ng6+ Kd8 24.Bf4 Kc7 25.Kf2 Ra8 26.Bxd6+ Kxd6 27.Nf4 Bc6 28.Nd3 Rgb8 29.a5 Bd5
30.Bc2 Ra7 31.Nb4 Rc8 32.Ke3 Bc4 33.Kd2 Nd5 34.Nd3 Bxd3 35.Bxd3 Nf4 36.Bf1 Rac7
37.Rac1 Nd5 38.g3 g5 39.Bd3 Ne7 40.Ra1 Nd5 41.Rh1 Rg8 42.Rac1 Rb7 43.b3 Ne7
44.b4 Nd5 45.Kc2 Rc7 46.Kb3 Rgc8 47.c4 bxc4+ 48.Rxc4 Rb8 49.Rxc7 Rxb4+ 50.Ka3 Kxc7
51.Bxa6 Rxd4 52.Rc1+ Kd6 53.Bb7 Nc7 54.a6 Nb5+ 55.Kb3 Na7 56.Kc3  1/2-1/2

[Event "ZMD Open"]
[Site "Dresden GER"]
[Date "2009.07.31"]
[Round "7"]
[White "Nuber,K"]
[Black "Boewer,R"]
[Result "1-0"]
[WhiteElo "2168"]
[BlackElo "2249"]

1.e4 c5 2.Nc3 Nc6 3.Bb5 g6 4.Bxc6 dxc6 5.d3 Bg7 6.Be3 b6 7.f4 e5 8.Nf3 Bg4
9.h3 exf4 10.Bxf4 Qf6 11.Bh2 Bxf3 12.Qxf3 Qxf3 13.gxf3 Nh6 14.O-O-O O-O-O
15.Nb1 Rhe8 16.Nd2 f6 17.h4 Nf7 18.Bf4 Bf8 19.h5 g5 20.Bg3 Bd6 21.Bxd6 Nxd6
22.f4 gxf4 23.Rdf1 f5 24.Rxf4 fxe4 25.Nxe4 Nxe4 26.Rxe4 Rg8 27.Rf1 Rd7 28.Rf6 Kb7
29.h6 Rg2 30.Ref4 Ka6 31.Rf7 Rd4 32.Rxd4 cxd4 33.b3 Rh2 34.Rxh7 Kb5 35.Rh8 Kb4
36.Kb2 Rh1 37.h7 Rh2 38.a3+ Kb5 39.Kc1 a5 40.Kd1 Kc5 41.Kc1 Kb5 42.Kb2 Kc5
43.a4 Rh1 44.c3 Rh4 45.b4+ axb4 46.cxd4+  1-0

[Event "Centroamericano & Caribbean U20"]
[Site "Medellin COL"]
[Date "2009.07.31"]
[Round "2"]
[White "Paez,D"]
[Black "Narvaez,Z"]
[Result "0-1"]
[WhiteElo "2058"]
[BlackElo "2204"]

1.e4 c5 2.Ne2 Nc6 3.Nbc3 e6 4.d3 Nf6 5.g3 Be7 6.Bg2 d5 7.exd5 exd5 8.h3 O-O
9.O-O d4 10.Ne4 Nxe4 11.dxe4 c4 12.Kh2 Bc5 13.f4 f5 14.exf5 Bxf5 15.g4 Be6
16.Ng3 Bd5 17.Ne4 Bb6 18.Bd2 Bc7 19.Qf3 Kh8 20.Kh1 Ne5 21.Qf2 Ng6 22.f5 Nh4
23.Bg5 Bxe4 24.Bxh4 Bxg2+ 25.Kxg2 g5 26.Bg3 Bxg3 27.Qxg3 Qf6 28.Rfe1 d3 29.Qe5 Rad8
30.Qxf6+ Rxf6 31.Rad1 Rb6 32.b3 Ra6 33.a4 cxb3 34.cxb3 Rb6 35.Rb1 Kg7 36.Red1 Kf6
37.Kf3 h5 38.Ke3 Rbd6 39.Rd2 hxg4 40.hxg4 Rd4 41.Rg1 Ke5 42.Rg3 Rb4 43.Rf3 Rxg4
44.f6 Rf4 45.f7 Rf8 46.Rxd3 R8xf7 47.Rg3 g4 48.Ke2 Rf2+ 49.Ke1 Rf1+ 50.Kd2 R7f2+
51.Kc3 Rc1+ 52.Kb4 Kf4 53.a5 Rf3 54.Rgxf3+ gxf3 55.Rd7 f2 56.Rxb7 f1=Q 57.Rf7+ Ke4
58.Rxf1 Rxf1 59.Kb5 Kd5 60.Ka6 Rb1  0-1

[Event "Tchibo Open B"]
[Site "Pardubice CZE"]
[Date "2009.07.31"]
[Round "8"]
[White "Zykina,N"]
[Black "Sott,P"]
[Result "1/2-1/2"]
[WhiteElo "2099"]
[BlackElo "2184"]

1.e4 c5 2.Nc3 Nc6 3.Bb5 g6 4.f4 Bg7 5.Nf3 d6 6.Bxc6+ bxc6 7.d3 Nf6 8.O-O O-O
9.Qe1 Bg4 10.Qh4 Bxf3 11.Rxf3 e6 12.f5 Nh5 13.Bg5 Bd4+ 14.Kh1 Bf6 15.Bxf6 Qxf6
16.Qh3 exf5 17.exf5 Qe5 18.Raf1 Nf6 19.Qh4 Rae8 20.h3 Kg7 21.Nd1 Qe2 22.R3f2 Qe5
23.c3 d5 24.d4 cxd4 25.cxd4 Qd6 26.Nc3 h6 27.Rf3 Qd8  1/2-1/2

[Event "Open"]
[Site "Kavala GRE"]
[Date "2009.08.01"]
[Round "1"]
[White "Nevednichy,V"]
[Black "Stiri,A"]
[Result "1/2-1/2"]
[WhiteElo "2570"]
[BlackElo "2163"]

1.e4 c5 2.Nc3 Nc6 3.Bb5 Nd4 4.Bc4 e6 5.Nf3 Nf6 6.d3 d5 7.Bb3 Be7 8.O-O O-O
9.Bg5 Nxb3 10.axb3 h6 11.Bh4 d4 12.Ne2 b6 13.b4 Bb7 14.bxc5 bxc5 15.Ne5 Nd7
16.Nxd7 Qxd7 17.Bxe7 Qxe7 18.b3 a5 19.Qd2 Qc7 20.Ra3 Ra7 21.Rfa1 Rfa8 22.Ng3 Bc6
23.Ne2 Qb6 24.h3 a4 25.Rb1 axb3 26.Raxb3 Qc7 27.R3b2 e5 28.Ng3 Ra4 29.Qe2 Ra2
30.Nf5 Kh7 31.Qh5 Rxb2 32.Rxb2 c4 33.dxc4 Bxe4 34.Qg4 Bxf5 35.Qxf5+ Kg8 36.Qe4 Rc8
37.Rb4 Qc5 38.Rb5 Qxc4 39.Rxe5 g6 40.g3 Qxc2 41.Qxd4 Qc6 42.Kh2 Rb8 43.Rc5 Qf3
44.Rc3 Qf5 45.g4 Qe6 46.Re3 Qc6 47.Qf4 Rb1 48.Re4 Kg7 49.h4 Qc1 50.Qxc1 Rxc1  1/2-1/2

[Event "Open"]
[Site "Kavala GRE"]
[Date "2009.08.01"]
[Round "1"]
[White "Andriasian,Z"]
[Black "Kaforos,D"]
[Result "1-0"]
[WhiteElo "2585"]
[BlackElo "2203"]

1.e4 c5 2.Nc3 Nc6 3.Nf3 g6 4.Bb5 Bg7 5.O-O d6 6.Bxc6+ bxc6 7.d3 e5 8.Ne1 Ne7
9.f4 O-O 10.fxe5 Bxe5 11.Bh6 Bg7 12.Bxg7 Kxg7 13.Qd2 Rb8 14.b3 f5 15.Nf3 d5
16.exd5 cxd5 17.d4 Qc7 18.Rfe1 Rb6 19.Na4 f4 20.Nxb6 axb6 21.Qc3 Kg8 22.dxc5 bxc5
23.b4 c4 24.Qe5 Qxe5 25.Nxe5 Nf5 26.Kf2 Ne3 27.Rxe3 fxe3+ 28.Kxe3 Kg7 29.b5 Bf5
30.c3 Kf6 31.Kd4 Ke6 32.Rf1 Ra8 33.Rf2 Kd6 34.g4 Bb1 35.Rf6+ Ke7 36.Ra6 Rf8
37.a4 Rf2 38.Kxd5 Rxh2 39.Ra7+ Kf8 40.b6  1-0

[Event "16th ORDIX Open"]
[Site "Mainz GER"]
[Date "2009.08.01"]
[Round "3"]
[White "Gashimov,V"]
[Black "Boidman,Y"]
[Result "1-0"]
[WhiteElo "2740"]
[BlackElo "2402"]

1.e4 c5 2.Nf3 Nc6 3.Nc3 d6 4.d4 cxd4 5.Nxd4 Nf6 6.h3 a6 7.Be3 e5 8.Nf3 Be7
9.Bc4 b5 10.Bb3 Na5 11.Bg5 O-O 12.Bxf6 Bxf6 13.Bd5 Rb8 14.O-O Be7 15.Qd3 Kh8
16.a4 b4 17.Nd1 f5 18.exf5 Bxf5 19.Qe2 Qb6 20.Ne3 Bg6 21.Rad1 b3 22.c3 Rbe8
23.Nd2 Bg5 24.Ndc4 Nxc4 25.Bxc4 Bxe3 26.Qxe3 Rb8 27.Qxb6 Rxb6 28.a5 Rc6 29.Bxb3 Rb8
30.Ba4 Rc5 31.Rxd6 Rxa5 32.Rfd1 h6 33.Rd8+ Rxd8 34.Rxd8+ Kh7 35.b3 Rc5 36.c4 a5
37.Kf1 e4 38.Ke2 Rg5 39.g4 h5 40.Rd5 Kh6 41.Rxg5 Kxg5 42.gxh5 Bxh5+ 43.Ke3 Kf5
44.Kd4 Kf4 45.c5 Bf7 46.h4 Kf3 47.c6  1-0